00926cam a22002654a 45000010009000000050017000090080041000260100017000670200015000840400018000990410008001170420008001250430012001330800016001450820020001611000007001811010008001882450096001965040064002929060045003569420012004019990017004139520115004309520115005451220378620180111045243.0001017s2001 vaua bs 001 0 eng  a 00012007  a0871205041 aDLCcDLCdDLC aeng apcc an-us--- a371.102 MAR00a371.102 MAR2211 a46 aEDU10aClassroom instruction that works :cRobert J. Marzano, Debra J. Pickering, Jane E. Pollock. aIncludes bibliographical references (p. 161-173) and index. a7bcbccorignewd1eecipf20gy-gencatlg 2ddccBK c40088d40088 00102udc40708PËKGa002b002cPËKGd2018-01-11l0o371.102 MARp002-2994874r2018-01-11w2018-01-11yBK 00102udc40708PËKGa002b002cPËKGd2021-02-26l0o371.102 MARp002-6000920r2021-02-26w2021-02-26yBK